| 000 | 02082nam a22006497a 4500 | ||
|---|---|---|---|
| 005 | 20251007143049.0 | ||
| 008 | 170424b xxu||||| |||| 00| 0 spa d | ||
| 020 | _a9788416067824 | ||
| 041 | _aESP | ||
| 082 | _a658.45 SO714a | ||
| 100 |
_aSolórzano González, María José _942325 |
||
| 245 | _aAdministración y gestión de las comunicaciones de la dirección | ||
| 260 | _aEspaña | ||
| 260 | _bIC Editorial | ||
| 260 | _c2013 | ||
| 300 | _a334 páginas | ||
| 490 | _aDirección y Administración de Empresas | ||
| 650 | _aCOMUNICACIÓN CÓMO TÉCNICA GERENCIAL | ||
| 650 | _aLA EMPRESA Y SU ORGANIZACIÓN | ||
| 650 | _aORGANIZACIÓN EMPRESARIAL | ||
| 650 | _aCOMUNICACIÓN DE LAS ORGANIZACIONES | ||
| 650 | _aPROCESO DE LA COMUNICACIÓN | ||
| 650 | _aELEMENTOS DEL PROCESO DE LA COMUNICACIÓN | ||
| 650 | _aTIPOS DE COMUNICACIÓN | ||
| 650 | _aCOMUNICACIÓN ORAL | ||
| 650 | _aCOMUNICACIÓN ESCRITA | ||
| 650 | _aCOMUNICACIÓN NO VERBAL | ||
| 650 | _aCOMUNICACIÓN ELECTRÓNICA | ||
| 650 | _aCOMUNICACIÓN AUDIOVISUAL | ||
| 650 | _aCOMUNICACIÓN FORMAL | ||
| 650 | _aCOMUNICACIÓN INFORMAL | ||
| 650 | _aCOMUNICACIÓN INTERNA | ||
| 650 | _aCOMUNICACIÓN EXTERNA | ||
| 650 | _aLA COMUNICACIÓN EN LA EMPRESA Y SU IMPORTANCIA | ||
| 650 | _aCOMUNICACIONES PRESENCIALES | ||
| 650 | _aPROTOCOLO SOCIAL | ||
| 650 | _aCOMUNICACIÓN NO PRESENCIAL | ||
| 650 | _aFORMAS DE COMUNICACIÓN ORAL EN LA EMPRESA | ||
| 650 | _aCONVERSACIONES | ||
| 650 | _aREUNIONES | ||
| 650 | _aTERTULIAS | ||
| 650 | _aDEBATES | ||
| 650 | _aMESAS REDONDAS | ||
| 650 | _aCONVERSACIONES TELEFÓNICAS | ||
| 650 | _aENTREVISTAS | ||
| 650 | _aDISCURSOS | ||
| 650 | _aEXPOSICIONES | ||
| 650 | _aPRECISIÓN Y CLARIDAD EN EL LENGUAJE | ||
| 650 | _aELEMENTOS DE LA COMUNICACIÓN ORAL | ||
| 650 | _aPROTOCOLO SOCIAL | ||
| 650 | _aCOMUNICACIONES NO PRESENCIALES | ||
| 650 | _aCORREO ELECTRÓNICO | ||
| 650 | _aCOMUNICACIÓN TELEFÓNICA | ||
| 650 | _aVIDEOCONFERENCIAS | ||
| 650 | _aTRATAMIENTO DE CONFLICTOS | ||
| 942 |
_cBK _2ddc |
||
| 999 |
_c9316 _d9316 |
||